000 05100nam a22005775i 4500
001 978-3-319-52396-5
003 DE-He213
005 20210118141949.0
007 cr nn 008mamaa
008 170427s2017 gw | s |||| 0|eng d
020 _a9783319523965
_9978-3-319-52396-5
024 7 _a10.1007/978-3-319-52396-5
_2doi
050 4 _aRC799-869
072 7 _aMJH
_2bicssc
072 7 _aMED031000
_2bisacsh
072 7 _aMJH
_2thema
082 0 4 _a616.33
_223
245 1 0 _aSurgical Procedures on the Cirrhotic Patient
_h[electronic resource] /
_cedited by Bijan Eghtesad, John Fung.
250 _a1st ed. 2017.
264 1 _aCham :
_bSpringer International Publishing :
_bImprint: Springer,
_c2017.
300 _aXVIII, 352 p. 51 illus., 27 illus. in color.
_bonline resource.
336 _atext
_btxt
_2rdacontent
337 _acomputer
_bc
_2rdamedia
338 _aonline resource
_bcr
_2rdacarrier
347 _atext file
_bPDF
_2rda
505 0 _aPathophysiology of Cirrhosis and Portal Hypertension -- Coagulopathy in Cirrhosis -- The Impact of Liver Disease on Drug Metabolism -- Imaging in Cirrhotic Patients Undergoing Surgical Procedures -- Anesthesia for Surgical Procedures in Cirrhotic Patients, Other than Liver Transplantation -- Nutritional Support of Patient with Cirrhosis -- Surgery in Patients with Hepatic Cirrhosis: Management of Portal Hypertension -- Perioperative Critical Care of the Patient with Liver Disease Undergoing Non-Hepatic Surgery -- Role of Minimally Invasive Surgery in Patients with Cirrhosis -- Cholecystitis, Cholelithiasis, and Cholecystectomy in Cirrhotic Patients -- Pancreatic surgery in patients with cirrhosis -- Hepatic Surgery in Patients with Cirrhosis: What procedure and When- Feasibility, concerns, and outcomes -- Hernia Repair in Cirrhotic Patients: Type, Timing, and Procedure of Choice -- Bariatric Surgery in Patients with Cirrhosis -- Colorectal Surgery in Cirrhotics -- Urological Procedures in Patients with Cirrhosis -- Kidney Transplantation in Cirrhotic Patients -- Gynecological Procedures and Pregnancy in Women with Liver Cirrhosis -- Cardiac Surgical Procedures in Patients with Cirrhosis -- Thoracic and Esophageal Procedures, Lung Transplant in Cirrhotic Patients. Safety and Limiting Factors -- Neurosurgical Procedures in Patients with Cirrhosis and Acute Liver Failure: Indications, Safety, and Feasibility of Intracranial Pressure Monitor Devices -- Endocrine Surgery in Cirrhotic Patients -- Head and Neck Issues in Cirrhotic Patients -- Oral Surgery on the Patient with Cirrhosis -- Ophthalmic Surgery in Cirrhosis -- Non-Transplant Management of Portal Hypertension in Children -- Trauma in the Patient with Cirrhosis. .
520 _aThis volume provides a concise yet comprehensive overview on surgical procedures performed on the cirrhotic patient. The text explains the underlying pathophysiologic alterations in liver disease and cirrhosis, provides assessment of disease severity and risk factors, and helps to predict potential outcomes based on the nature of the operation. Operations discussed in detail include bariatric surgery, colorectal surgery, hepatic surgery, kidney transplantation, gynecological procedures, neurosurgical procedures, and ophthalmic surgery. The book is also supplemented with instructive color illustrations and tables. Written by experts in the field, Surgical Procedures on the Cirrhotic Patient is a valuable, multidisciplinary resource for clinicians who treat the cirrhotic patient. With a Foreword by Thomas E. Starzl, the father of liver transplantation.
650 0 _aGastroenterology .
650 0 _aHepatology.
650 0 _aSurgery.
650 1 4 _aGastroenterology.
_0http://scigraph.springernature.com/things/product-market-codes/H33061
650 2 4 _aHepatology.
_0http://scigraph.springernature.com/things/product-market-codes/H33088
650 2 4 _aSurgery.
_0http://scigraph.springernature.com/things/product-market-codes/H59001
700 1 _aEghtesad, Bijan.
_eeditor.
_4edt
_4http://id.loc.gov/vocabulary/relators/edt
700 1 _aFung, John.
_eeditor.
_4edt
_4http://id.loc.gov/vocabulary/relators/edt
710 2 _aSpringerLink (Online service)
773 0 _tSpringer eBooks
776 0 8 _iPrinted edition:
_z9783319523941
776 0 8 _iPrinted edition:
_z9783319523958
776 0 8 _iPrinted edition:
_z9783319848969
856 4 0 _uhttps://doi.org/10.1007/978-3-319-52396-5
912 _aZDB-2-SME
999 _c450476
_d450476
942 _cEB
506 _aAvailable to subscribing member institutions only. Доступно лише організаціям членам підписки.
506 _fOnline access from local network of NaUOA.
506 _fOnline access with authorization at https://link.springer.com/
506 _fОнлайн-доступ з локальної мережі НаУОА.
506 _fОнлайн доступ з авторизацією на https://link.springer.com/